Statistics for Die Teilung der Erde Lyrics

Click here to take the quiz!

General Stats

  • This quiz has been taken 3 times
  • The average score is 156 of 234

Answer Stats

Answer% Correct
An
100%
Da
100%
Das
100%
Dem
100%
Den
100%
Der
100%
Des
100%
Die
100%
Du
100%
Er
100%
Es
100%
Euch
100%
Geiste
100%
Hat
100%
Ich
100%
Im
100%
Ist
100%
Mein
100%
Meinem
100%
Menschen
100%
Nach
100%
Nicht
100%
Sein
100%
Seine
100%
Seinen
100%
Sie
100%
So
100%
Soll
100%
Und
100%
Von
100%
War
100%
Was
100%
Wenn
100%
Wo
100%
Allein
67%
Allen
67%
Alles
67%
Als
67%
Alt
67%
Aus
67%
Bei
67%
Dein
67%
Deinem
67%
Deines
67%
Denn
67%
Dich
67%
Dir
67%
Durch
67%
Euer
67%
Ganz
67%
Geschehen
67%
Gott
67%
Hände
67%
Hatte
67%
Himmel
67%
Hin
67%
In
67%
Mehr
67%
Mir
67%
Mit
67%
Nehmt
67%
Nichts
67%
Nimmt
67%
Sehen
67%
Spricht
67%
Teilt
67%
Teilung
67%
Träume
67%
Tun
67%
Vor
67%
Warst
67%
Welt
67%
Zu
67%
Abt
33%
Ach
33%
Ackermann
33%
Angesichte
33%
Auge
33%
Berauscht
33%
Birschte
33%
Brücken
33%
Brüderlich
33%
Darein
33%
Doch
33%
Edeln
33%
Eilt'
33%
Einzurichten
33%
Erb
33%
Erschallen
33%
Ewgen
33%
Fassen
33%
Feldes
33%
Fern
33%
Firnewein
33%
Früchten
33%
Geschäftig
33%
Geteilet
33%
Getreuster
33%
Griff
33%
Hadre
33%
Harmonie
33%
Herbst
33%
Herrn
33%
Himmels
33%
Hing
33%
Höhen
33%
Irdische
33%
Jagd
33%
Jovis
33%
Jung
33%
Junker
33%
Kam
33%
Kaufmann
33%
Klage
33%
Kommst
33%
König
33%
Land
33%
Längst
33%
Laut
33%
Leben
33%
Lehen
33%
Lichte
33%
Ließ
33%
Man
33%
Markt
33%
Nachdem
33%
Naht
33%
Offen
33%
Oft
33%
Ohr
33%
Poet
33%
Regte
33%
Rief
33%
Ruf
33%
Schenk
33%
Sich
33%
Sohn
33%
Spät
33%
Speicher
33%
Sperrt
33%
Sprach
33%
Sprach:
33%
Straßen
33%
Thron
33%
Überall
33%
Vergessen
33%
Verlor
33%
Versetzt
33%
Verweilet
33%
Verzeih
33%
Wählt
33%
Wald
33%
Warf
33%
Weggegeben
33%
Weh
33%
Weiter
33%
Willst
33%
Zehente
33%
Zeus
33%
Zum
33%

Score Distribution

Percentile by Number Answered

Percent of People with Each Score

Your Score History

You have not taken this quiz